[Event "Nezhmetdinov Cup 2013"]
[Site "?"]
[Date "2013.06.05"]
[Round "6.42"]
[White "Fedotov, Alexey"]
[Black "Fakhrutdinov, Timur"]
[Result "0-1"]
[WhiteElo "1861"]
[BlackElo "2128"]
[PlyCount "126"]
[EventDate "2013.06.06"]

1. d4 Nf6 2. c4 e6 3. Nf3 d5 4. g3 dxc4 5. Bg2 Nc6 6. Qa4 Bb4+ 7. Bd2 Nd5 8.
Bxb4 Ndxb4 9. O-O Rb8 10. Na3 a6 11. Ne5 O-O 12. Nxc6 Nxc6 13. Bxc6 bxc6 14.
Nxc4 Qxd4 15. Rfd1 Qe4 16. Rd2 c5 17. f3 Qb7 18. Rad1 Qb5 19. Qc2 f6 20. Qe4 e5
21. Qd5+ Kh8 22. b3 Re8 23. Ne3 Be6 24. Qe4 Qa5 25. h4 Rf8 26. h5 h6 27. Qg6 c4
28. bxc4 Qc5 29. Kf2 Rbe8 30. Qd3 f5 31. f4 exf4 32. gxf4 Qe7 33. Ng2 Qf7 34.
Qf3 Qf6 35. c5 Bc4 36. Ne3 Bb5 37. Nd5 Qc6 38. Qc3 Rf7 39. e3 Qe6 40. Rg1 Kh7
41. Rg6 Qc8 42. Rd1 Re4 43. Rd4 Re6 44. Rg3 Qe8 45. Nb4 a5 46. Nd5 c6 47. Nb6
Rfe7 48. Rh3 Re4 49. Rxe4 fxe4 50. a4 Bd3 51. Qxa5 Qf7 52. Qd2 Qf5 53. Rh1 Qxc5
54. a5 Ra7 55. Qb2 Qxa5 56. Rg1 Qxh5 57. Rg3 Qh2+ 58. Rg2 Qh4+ 59. Rg3 Qh1 60.
Rg2 Qf1+ 61. Kg3 Ra5 62. Kh4 Qh1+ 63. Rh2 Qf3 0-1

[Event "Nezhmetdinov Cup 2013"]
[Site "?"]
[Date "2013.06.05"]
[Round "6.43"]
[White "Zlachevskiy, Leonid"]
[Black "Tukaeva, Adelya"]
[Result "1/2-1/2"]
[WhiteElo "2125"]
[BlackElo "1655"]
[PlyCount "138"]
[EventDate "2013.06.06"]

1. e4 c5 2. Nf3 d6 3. d4 cxd4 4. Nxd4 Nf6 5. Nc3 g6 6. Be3 Bg7 7. Bc4 O-O 8. f3
Nc6 9. Qd2 Bd7 10. O-O-O Rc8 11. Bb3 Ne5 12. Kb1 Nc4 13. Bxc4 Rxc4 14. Nde2 b5
15. Bg5 b4 16. Bxf6 Bxf6 17. Nd5 Bg7 18. h4 Rc5 19. h5 Ba4 20. Rc1 a5 21. Qg5
Re8 22. hxg6 hxg6 23. Qd2 Bb5 24. Nef4 e6 25. Ne3 Qf6 26. Nd3 Rc7 27. Rhd1 Rec8
28. e5 dxe5 29. Ng4 Qf5 30. Ndf2 Rd7 31. Nh6+ Bxh6 32. Qxh6 Rxd1 33. Nxd1 Qf4
34. Qh1 e4 35. fxe4 Qxe4 36. Nf2 Qf5 37. Qh4 g5 38. Qd4 Ba6 39. Ne4 e5 40. Qd5
Bc4 41. Qb7 Rf8 42. Nd6 Bxa2+ 43. Ka1 Qe6 44. Qc7 Bd5 45. g4 Qxg4 46. Qc5 Qd4
47. Qc7 Be6 48. Qe7 Qe3 49. Rf1 a4 50. Ne8 a3 51. Nf6+ Kg7 52. Nh5+ Kh7 53. Kb1
axb2 54. Qxb4 Ra8 55. Kxb2 Qd4+ 56. Qxd4 exd4 57. Rd1 Bf5 58. Rxd4 Kg6 59. Ng3
Rc8 60. c4 Be6 61. Kb3 f5 62. Kb4 f4 63. Ne4 f3 64. c5 g4 65. Ng3 Kf6 66. Kb5
Ke5 67. Rd1 Kf4 68. Nh5+ Kg5 69. Ng3 Kf4 1/2-1/2

[Event "Nezhmetdinov Cup 2013"]
[Site "?"]
[Date "2013.06.05"]
[Round "6.44"]
[White "Gromak, Ivan"]
[Black "Makarenko, Alexandra"]
[Result "0-1"]
[WhiteElo "1894"]
[BlackElo "2124"]
[PlyCount "114"]
[EventDate "2013.06.06"]

1. Nf3 Nf6 2. g3 g6 3. d4 Bg7 4. c4 O-O 5. Bg2 d6 6. Nc3 Nc6 7. O-O a6 8. h3
Bd7 9. Be3 Rb8 10. Rc1 b5 11. cxb5 axb5 12. Ne1 b4 13. Na4 Na5 14. b3 Bxa4 15.
bxa4 d5 16. Rc5 c6 17. Bf4 Nd7 18. Bxb8 Nxc5 19. Ba7 Ne6 20. Nd3 Bxd4 21. Bxd4
Nxd4 22. e3 Nf5 23. Nxb4 Qb6 24. Nd3 Nd6 25. Qc2 Rb8 26. Ne5 Qb2 27. Qxb2 Rxb2
28. Rc1 Rb6 29. Rc5 Ndb7 30. Rc2 e6 31. Bf1 Kg7 32. Nd7 Rb4 33. Ne5 c5 34. Bb5
c4 35. Nc6 Nxc6 36. Bxc6 Na5 37. Bb5 Kf6 38. Kf1 Ke5 39. Ke2 Kd6 40. Kd2 Kc5
41. Kc3 Nb7 42. Rb2 Rxb2 43. Kxb2 Nd6 44. Bd7 Ne4 45. a5 Nxf2 46. Be8 Nd1+ 47.
Kc1 Nxe3 48. Bxf7 d4 49. Bxe6 c3 50. a6 Kb6 51. Bb3 d3 52. g4 g5 53. a3 Kxa6
54. a4 Ka5 55. h4 gxh4 56. g5 h3 57. g6 h2 0-1

[Event "Nezhmetdinov Cup 2013"]
[Site "?"]
[Date "2013.06.05"]
[Round "6.45"]
[White "Askerov, Marat"]
[Black "Esipenko, Andrey"]
[Result "0-1"]
[WhiteElo "1994"]
[BlackElo "2191"]
[PlyCount "100"]
[EventDate "2013.06.06"]

1. d4 Nf6 2. c4 g6 3. Nc3 Bg7 4. Nf3 d6 5. g3 O-O 6. Bg2 Nbd7 7. O-O e5 8. e4
c6 9. b3 exd4 10. Nxd4 Qe7 11. Bb2 Nc5 12. Re1 a5 13. Qd2 Rd8 14. h3 Nfd7 15.
Rad1 Ne5 16. Qe2 h5 17. f4 Ned7 18. Nf3 Nf8 19. Qf2 Nh7 20. e5 Qf8 21. exd6 b6
22. Ne5 Rxd6 23. Rxd6 Qxd6 24. Nxc6 Nd3 25. Rd1 Bf5 26. Qe2 Qc5+ 27. Kh2 Nxb2
28. Qxb2 Rc8 29. Rd5 Qxc6 30. Rxf5 Qe8 31. Rd5 h4 32. Qd2 hxg3+ 33. Kxg3 Nf6
34. Rd3 Nh5+ 35. Kh2 Nxf4 36. Rf3 Qe5 37. Kg1 Bh6 38. Qf2 Bf8 39. Na4 Bd6 40.
Re3 Qg5 41. h4 Qg4 42. Kf1 b5 43. Nb6 Rd8 44. Nd5 Qd1+ 45. Qe1 Qc2 46. Nxf4
Bxf4 47. Re8+ Rxe8 48. Qxe8+ Kg7 49. cxb5 Bg3 50. Qe3 Qd1+ 0-1

[Event "Nezhmetdinov Cup 2013"]
[Site "?"]
[Date "2013.06.05"]
[Round "6.46"]
[White "Lyutov, Timofey"]
[Black "Orekhov, Nikolai"]
[Result "0-1"]
[WhiteElo "1856"]
[BlackElo "2121"]
[PlyCount "72"]
[EventDate "2013.06.06"]

1. e4 e6 2. d4 d5 3. Nc3 Nf6 4. Bg5 Bb4 5. Nge2 h6 6. Bxf6 Qxf6 7. a3 Bxc3+ 8.
Nxc3 dxe4 9. Nxe4 Qe7 10. Bd3 O-O 11. O-O Rd8 12. c3 Bd7 13. Qe2 Bc6 14. Rfe1
Nd7 15. Rad1 Nf8 16. Ng3 Qg5 17. Qe5 Qxe5 18. Rxe5 Ba4 19. Rd2 Nd7 20. Re1 Rab8
21. Bc2 Bxc2 22. Rxc2 c5 23. Rd2 Nb6 24. Red1 Nc4 25. Rc2 cxd4 26. cxd4 Nb6 27.
Ne2 Kf8 28. Kf1 Ke7 29. Rc7+ Rd7 30. Rxd7+ Kxd7 31. Nc3 Nc4 32. Na4 Kd6 33. Nc5
Nxb2 34. Rb1 Nc4 35. Na6 Nd2+ 36. Ke2 Nxb1 0-1

[Event "Nezhmetdinov Cup 2013"]
[Site "?"]
[Date "2013.06.05"]
[Round "6.47"]
[White "Kozina, Anastasia"]
[Black "Nevioselaya, Maria"]
[Result "0-1"]
[WhiteElo "1733"]
[BlackElo "2088"]
[PlyCount "80"]
[EventDate "2013.06.06"]

1. e4 e5 2. Nf3 Nc6 3. Bc4 Bc5 4. d3 Nf6 5. Nc3 d6 6. Bg5 h6 7. Bxf6 Qxf6 8.
Nd5 Qd8 9. c3 a6 10. d4 Ba7 11. dxe5 dxe5 12. O-O O-O 13. Qe2 Bc5 14. Rad1 Bd6
15. h3 Be6 16. b4 b5 17. Bb3 Qb8 18. a4 Nd8 19. Qc2 c5 20. bxc5 Bxc5 21. axb5
axb5 22. Ra1 Rxa1 23. Rxa1 Nc6 24. Qa2 Kh8 25. Rb1 f5 26. exf5 Bxf5 27. Rb2
Bxh3 28. Nh4 Bf5 29. Nxf5 Rxf5 30. Bc4 Na7 31. Bf1 e4 32. Ne3 Rh5 33. Ng4 Qc8
34. Be2 Rg5 35. Qf7 Rxg4 36. Bxg4 Qxg4 37. Qd5 Bb6 38. Rd2 e3 39. Ra2 exf2+ 40.
Kf1 Qh4 0-1

[Event "Nezhmetdinov Cup 2013"]
[Site "?"]
[Date "2013.06.05"]
[Round "6.48"]
[White "Bitkinin, Lenar"]
[Black "Murtazin, Ruslan"]
[Result "1-0"]
[WhiteElo "2147"]
[BlackElo "1710"]
[PlyCount "51"]
[EventDate "2013.06.06"]

1. d4 Nf6 2. Nf3 e6 3. c4 c5 4. g3 cxd4 5. Nxd4 Nc6 6. Bg2 Bc5 7. Nb3 Be7 8.
O-O O-O 9. Nc3 b6 10. e4 Bb7 11. e5 Ne8 12. Qe2 d6 13. Rd1 Qc8 14. exd6 Nxd6
15. Bf4 Rd8 16. Rac1 Nf5 17. Nb5 Rd7 18. Rxd7 Qxd7 19. Rd1 Qe8 20. Nc7 Qc8 21.
Nxa8 Qxa8 22. Qd3 a5 23. Qd7 a4 24. Nc1 Bf6 25. Bc7 Bxb2 26. Bxc6 1-0

[Event "Nezhmetdinov Cup 2013"]
[Site "?"]
[Date "2013.06.05"]
[Round "6.49"]
[White "Fedotov, Nikita"]
[Black "Kurninov, Andrei"]
[Result "1/2-1/2"]
[WhiteElo "1973"]
[BlackElo "1707"]
[PlyCount "58"]
[EventDate "2013.06.06"]

1. Nf3 c5 2. g3 g6 3. Bg2 Bg7 4. O-O Nc6 5. c4 e6 6. Nc3 Nge7 7. Ne4 d6 8. d3
O-O 9. Rb1 f5 10. Ned2 Qc7 11. a3 a5 12. b3 Bd7 13. Bb2 e5 14. Ne1 f4 15. Nc2
Nd4 16. Bxd4 cxd4 17. b4 axb4 18. axb4 Ra2 19. b5 fxg3 20. hxg3 Bh6 21. Ne4 d5
22. Nb4 dxe4 23. Nxa2 e3 24. f3 Nf5 25. Qe1 Qd8 26. f4 exf4 27. gxf4 Qc7 28.
Bd5+ Kg7 29. Rf3 Bxf4 1/2-1/2

[Event "Nezhmetdinov Cup 2013"]
[Site "Kazan"]
[Date "2013.06.06"]
[Round "7.1"]
[White "Aleksandrov, Aleksej"]
[Black "Azarov, Sergei"]
[Result "1/2-1/2"]
[WhiteElo "2617"]
[BlackElo "2629"]
[PlyCount "123"]
[EventDate "2013.??.??"]

1. d4 Nf6 2. Nf3 e6 3. c4 b6 4. Nc3 Bb7 5. Bg5 h6 6. Bh4 g5 7. Bg3 Nh5 8. e3
Nxg3 9. hxg3 Bg7 10. Bd3 Nc6 11. g4 Qe7 12. Ne2 h5 13. gxh5 g4 14. Nd2 Qg5 15.
Ne4 Qa5+ 16. N4c3 Rxh5 17. Rg1 O-O-O 18. Nf4 Rhh8 19. Qxg4 Rdg8 20. Qe2 Bh6 21.
Be4 Bxf4 22. exf4 Nxd4 23. Bxb7+ Kxb7 24. Qe4+ Nc6 25. O-O-O f5 26. Qf3 Rg7 27.
Rd2 Qc5 28. b3 e5 29. fxe5 Qxe5 30. Rd5 Qh2 31. Rdd1 Qh5 32. Qxh5 Rxh5 33. f4
Nd8 34. g3 Ne6 35. Ne2 Rh2 36. Rd2 a5 37. Kd1 d6 38. Rd5 Rxe2 39. Kxe2 Nxf4+
40. gxf4 Rxg1 41. Rxf5 Rg2+ 42. Kd3 Rxa2 43. Rf7 Ra3 44. Kc2 a4 45. bxa4 Rxa4
46. Kd3 Ra5 47. f5 d5 48. cxd5 Rxd5+ 49. Ke4 Rd1 50. f6 Rf1 51. Kd5 b5 52. Rf8
b4 53. Kc4 Rf4+ 54. Kb3 Kb6 55. Ka4 c5 56. f7 Kb7 57. Kb3 Rf3+ 58. Kc4 b3 59.
Re8 b2 60. Re1 Rxf7 61. Rb1 Rf2 62. Kxc5 1/2-1/2

[Event "Nezhmetdinov Cup 2013"]
[Site "Kazan"]
[Date "2013.06.06"]
[Round "7.2"]
[White "Kokarev, Dmitry"]
[Black "Rozum, Ivan"]
[Result "1/2-1/2"]
[WhiteElo "2639"]
[BlackElo "2482"]
[PlyCount "79"]
[EventDate "2013.??.??"]

1. e4 c6 2. d4 d5 3. Nc3 dxe4 4. Nxe4 Bf5 5. Ng3 Bg6 6. h4 h6 7. Nf3 Nd7 8. h5
Bh7 9. Bd3 Bxd3 10. Qxd3 e6 11. Bd2 Ngf6 12. O-O-O Be7 13. Kb1 Qb6 14. Ne4 Nxe4
15. Qxe4 Nf6 16. Qe2 Qb5 17. c4 Qf5+ 18. Ka1 Nxh5 19. Ne5 Nf4 20. Qe3 Ng6 21.
g4 Qf6 22. f4 Nxe5 23. dxe5 Qg6 24. Qf3 Qc2 25. Ba5 Qxc4 26. f5 Bg5 27. f6 gxf6
28. exf6 Qb5 29. Bc7 c5 30. Qg3 c4 31. Be5 O-O 32. Rh5 Rfd8 33. Rb1 Qa4 34.
Rxg5+ hxg5 35. Qe3 Qc2 36. Qxg5+ Qg6 37. Qh4 Qh7 38. Qg5+ Qg6 39. Qh4 Qh7 40.
Qg5+ 1/2-1/2

[Event "Nezhmetdinov Cup 2013"]
[Site "Kazan"]
[Date "2013.06.06"]
[Round "7.4"]
[White "Dzhumaev, Marat"]
[Black "Fedorov, Alexei"]
[Result "1/2-1/2"]
[WhiteElo "2549"]
[BlackElo "2591"]
[PlyCount "51"]
[EventDate "2013.??.??"]

1. e4 c5 2. Nf3 Nc6 3. c3 d5 4. exd5 Qxd5 5. d4 Bf5 6. dxc5 Qxd1+ 7. Kxd1 e5 8.
Be3 Nf6 9. Bb5 Nd5 10. Bxc6+ bxc6 11. Nxe5 Nxe3+ 12. fxe3 O-O-O+ 13. Nd2 Bxc5
14. Re1 Rhe8 15. Nxc6 Rd3 16. Nd4 Bg6 17. e4 Bxd4 18. cxd4 Rxd4 19. Rc1+ Kd7
20. Ke2 Bxe4 21. Nxe4 Rexe4+ 22. Kf3 Rf4+ 23. Ke3 Rfe4+ 24. Kf3 Rf4+ 25. Ke3
Rfe4+ 26. Kf3 1/2-1/2

[Event "Nezhmetdinov Cup 2013"]
[Site "Kazan"]
[Date "2013.06.06"]
[Round "7.5"]
[White "Lintchevski, Daniil"]
[Black "Onischuk, Vladimir"]
[Result "1-0"]
[WhiteElo "2526"]
[BlackElo "2584"]
[PlyCount "63"]
[EventDate "2013.??.??"]

1. e4 d6 2. d4 Nf6 3. Nc3 g6 4. g3 Bg7 5. Bg2 O-O 6. Nge2 Nfd7 7. O-O c5 8. Be3
cxd4 9. Nxd4 Ne5 10. b3 Ng4 11. Bc1 Nc6 12. Nce2 Qb6 13. c3 Qa6 14. h3 Nf6 15.
Be3 e5 16. Nxc6 Qxc6 17. c4 Nxe4 18. Qe1 f5 19. Nc3 b5 20. Nxb5 d5 21. Nxa7
Rxa7 22. Bxa7 Qc7 23. Be3 f4 24. cxd5 f3 25. Bh1 Qd7 26. Qb4 Nd6 27. Bc5 Qxh3
28. Bxd6 Rf4 29. Qb6 Bf6 30. Rfc1 Rh4 31. Rxc8+ Qxc8 32. Qb8 1-0

[Event "Nezhmetdinov Cup 2013"]
[Site "Kazan"]
[Date "2013.06.06"]
[Round "7.6"]
[White "Vorobiov, Evgeny"]
[Black "Maiorov, Nikita"]
[Result "1/2-1/2"]
[WhiteElo "2583"]
[BlackElo "2535"]
[PlyCount "82"]
[EventDate "2013.??.??"]

1. d4 Nf6 2. c4 e6 3. g3 Bb4+ 4. Bd2 Bxd2+ 5. Nxd2 d6 6. Ngf3 O-O 7. Bg2 Re8 8.
O-O e5 9. e4 a5 10. Qc2 exd4 11. Nxd4 Na6 12. Rfe1 Nc5 13. Rad1 Bd7 14. h3 c6
15. N2b3 Qb6 16. Nxc5 Qxc5 17. Nb3 Qh5 18. Qe2 Qxe2 19. Rxe2 Be6 20. Rc2 a4 21.
Nd4 Bd7 22. f3 Red8 23. Rcd2 Kf8 24. Nc2 Be6 25. Ne3 Ne8 26. f4 f6 27. Kf2 Ke7
28. Bf3 g6 29. h4 Ng7 30. g4 h6 31. f5 Bf7 32. fxg6 Bxg6 33. Nf5+ Nxf5 34. exf5
Bf7 35. b3 axb3 36. axb3 Ra3 37. Rd3 Ra5 38. Kg3 h5 39. Re3+ Kf8 40. Red3 hxg4
41. Kxg4 Ke7 1/2-1/2

[Event "Nezhmetdinov Cup 2013"]
[Site "Kazan"]
[Date "2013.06.06"]
[Round "7.7"]
[White "Zakhartsov, Viacheslav"]
[Black "Shariyazdanov, Andrey"]
[Result "1/2-1/2"]
[WhiteElo "2536"]
[BlackElo "2579"]
[PlyCount "150"]
[EventDate "2013.??.??"]

1. d4 Nf6 2. c4 e6 3. Nc3 Bb4 4. e3 O-O 5. Nge2 d5 6. a3 Be7 7. cxd5 exd5 8.
Nf4 c6 9. Bd3 a5 10. O-O Na6 11. f3 b5 12. Bc2 b4 13. Na4 Rb8 14. e4 dxe4 15.
fxe4 b3 16. Bb1 c5 17. e5 Nd5 18. Qd3 g6 19. Ne2 Bd7 20. Nac3 Nxc3 21. Qxc3
cxd4 22. Nxd4 Bc5 23. Be3 Qb6 24. Bd3 Nc7 25. Bc4 Ne6 26. Rad1 Rbc8 27. Kh1
Nxd4 28. Bxd4 Bxd4 29. Qxd4 Qxd4 30. Rxd4 Rxc4 31. Rxc4 Bb5 32. Rfc1 Bxc4 33.
Rxc4 Rd8 34. h3 Rd5 35. Rc8+ Kg7 36. Rb8 a4 37. Rb4 Rxe5 38. Rxa4 Re2 39. Rb4
Rxb2 40. a4 h5 41. Kh2 Kf6 42. a5 Ra2 43. Rxb3 Rxa5 44. Rb4 g5 45. h4 g4 46.
Kg3 Ke5 47. Rb3 f5 48. Re3+ Kf6 49. Rb3 Ra4 50. Rb6+ Ke5 51. Rh6 Ra3+ 52. Kh2
Kf4 53. Rb6 Rd3 54. Rb4+ Ke5 55. g3 Rd4 56. Rb2 Ke4 57. Rf2 Rd3 58. Kg2 Rd4 59.
Re2+ Kd5 60. Rf2 Ke5 61. Re2+ Kf6 62. Ra2 Re4 63. Rb2 f4 64. gxf4 Rxf4 65. Rb6+
Kg7 66. Rb5 Kg6 67. Rg5+ Kh6 68. Ra5 Rf6 69. Rb5 Rc6 70. Ra5 Rc2+ 71. Kg3 Rc3+
72. Kg2 Rh3 73. Ra6+ Kg7 74. Ra5 Rxh4 75. Ra3 Rh3 1/2-1/2

[Event "Nezhmetdinov Cup 2013"]
[Site "Kazan"]
[Date "2013.06.06"]
[Round "7.9"]
[White "Tunik, Gennady"]
[Black "Grigoriants, Sergei"]
[Result "1-0"]
[WhiteElo "2430"]
[BlackElo "2579"]
[PlyCount "125"]
[EventDate "2013.??.??"]

1. d4 Nf6 2. c4 e6 3. Nf3 d5 4. Nc3 dxc4 5. Qa4+ c6 6. Qxc4 b5 7. Qd3 Nbd7 8.
g3 Bb7 9. Bg2 Qb6 10. O-O Rd8 11. Bf4 Be7 12. a3 a5 13. Rac1 O-O 14. Rfd1 h6
15. h3 b4 16. axb4 axb4 17. Na4 Qb5 18. Ne5 Nxe5 19. Bxe5 Nd7 20. Qxb5 cxb5 21.
Bxb7 Nxe5 22. Nb6 Ng6 23. Bg2 Bd6 24. d5 e5 25. e4 Bb8 26. Na8 Rd7 27. h4 Ne7
28. Bh3 Rb7 29. b3 Rd8 30. Kg2 Bd6 31. Rc6 Rbb8 32. Rxd6 Rxd6 33. Nc7 Rb7 34.
Rc1 Rd8 35. Na6 Rd6 36. Nxb4 Kf8 37. f4 exf4 38. gxf4 Rd8 39. Rc5 Ra7 40. Rxb5
Ra3 41. Nd3 f5 42. Bxf5 Nxf5 43. exf5 Rda8 44. Kf3 R3a5 45. Rxa5 Rxa5 46. Ke4
Ke7 47. Ke5 Rb5 48. b4 Rb6 49. h5 Rb5 50. Nc5 Rxb4 51. d6+ Kf7 52. Ne6 Ke8 53.
Nxg7+ Kd7 54. Ne6 Rb5+ 55. Kf6 Kxd6 56. Nd8 Rb4 57. Nf7+ Kd7 58. Nxh6 Rxf4 59.
Nf7 Ke8 60. Ng5 Rh4 61. Kg6 Kf8 62. h6 Kg8 63. h7+ 1-0

[Event "Nezhmetdinov Cup 2013"]
[Site "?"]
[Date "2013.06.06"]
[Round "7.10"]
[White "Kryakvin, Dmitry"]
[Black "Atalik, Ekaterina"]
[Result "1-0"]
[WhiteElo "2576"]
[BlackElo "2455"]
[PlyCount "91"]
[EventDate "2013.06.04"]

1. Nf3 Nf6 2. c4 g6 3. Nc3 d5 4. cxd5 Nxd5 5. Qc2 Bg7 6. e4 Nb4 7. Qa4+ N4c6 8.
d4 Bxd4 9. Bh6 Bxc3+ 10. bxc3 Qd6 11. Bc4 Nd7 12. Rd1 Qf6 13. Bd5 Qxc3+ 14. Bd2
Qf6 15. O-O O-O 16. Bg5 Qc3 17. Rc1 Nb6 18. Qd1 Qg7 19. Qd2 Nxd5 20. Bh6 Qf6
21. Bxf8 Nf4 22. Bh6 Nh3+ 23. Kh1 e5 24. Ng5 Nf4 25. g3 Ne6 26. f4 Nxg5 27.
Bxg5 Qd6 28. Qe3 Bg4 29. fxe5 Nxe5 30. Bf6 Nd7 31. e5 Qd5+ 32. Kg1 Nf8 33. Rxc7
Bh3 34. Qf3 Qxa2 35. Re1 Ne6 36. Rd7 Re8 37. Red1 Qb2 38. g4 Nf4 39. R7d2 Qb6+
40. Kh1 g5 41. Bxg5 Ne6 42. Bf6 Qc6 43. Qxc6 bxc6 44. Rd3 Bxg4 45. Rg3 h5 46.
h3 1-0

[Event "Nezhmetdinov Cup 2013"]
[Site "?"]
[Date "2013.06.06"]
[Round "7.12"]
[White "Isajevsky, Anton"]
[Black "Gabrielian, Artur"]
[Result "0-1"]
[WhiteElo "2415"]
[BlackElo "2545"]
[PlyCount "136"]
[EventDate "2013.06.04"]

1. Nf3 Nf6 2. c4 g6 3. Nc3 d5 4. cxd5 Nxd5 5. Qc2 Nc6 6. g3 Ndb4 7. Qd1 Bg4 8.
Bg2 Nd4 9. Nxd4 Nd3+ 10. Kf1 Qxd4 11. Qa4+ Qxa4 12. Nxa4 Bd7 13. Nc3 Nxc1 14.
Rxc1 c6 15. Na4 O-O-O 16. d3 Bh6 17. Rc2 Kb8 18. Nc5 Bc8 19. b4 e5 20. h4 f5
21. Kg1 Bf8 22. a3 h6 23. Kh2 g5 24. h5 g4 25. Rb1 Rh7 26. Nb3 Re7 27. Na5 a6
28. Bxc6 Rc7 29. Ba4 Rxc2 30. Bxc2 Bd7 31. Bb3 Bd6 32. Bd5 Bc8 33. e4 Rf8 34.
Kg1 f4 35. gxf4 Rxf4 36. Kg2 Rf3 37. Rb3 Bc7 38. d4 Rh3 39. dxe5 Bxe5 40. a4
Rh2+ 41. Kg1 g3 42. fxg3 Rc2 43. Nc4 Bd4+ 44. Kf1 Bh3+ 45. Ke1 Bg4 46. e5 Bf2+
47. Kf1 Bh3+ 48. Bg2 Bxg2+ 49. Kxg2 Bb6+ 50. Kf3 Rxc4 51. a5 Bc7 52. Re3 Kc8
53. Re4 Rc3+ 54. Kf4 Kd7 55. Kf5 Rxg3 56. Kf6 Bd8+ 57. Kf7 Rf3+ 58. Kg7 Bg5 59.
Rd4+ Ke7 60. Rd6 Bf4 61. Rd5 Re3 62. Rc5 Ke6 63. Kg6 Rxe5 64. Rc4 Be3 65. Rc7
Rg5+ 66. Kh7 Rb5 67. Kg6 Rxb4 68. Rxb7 Rb5 0-1

[Event "Nezhmetdinov Cup 2013"]
[Site "?"]
[Date "2013.06.06"]
[Round "7.14"]
[White "Ulibin, Mikhail"]
[Black "Kalegin, Evgenij"]
[Result "1/2-1/2"]
[WhiteElo "2523"]
[BlackElo "2447"]
[PlyCount "97"]
[EventDate "2013.06.04"]

1. e4 c5 2. Nf3 e6 3. c3 Nf6 4. e5 Nd5 5. d4 cxd4 6. cxd4 d6 7. a3 Bd7 8. Bd3
Bc6 9. O-O Nd7 10. Re1 Rc8 11. b4 a5 12. Ng5 Be7 13. Qh5 g6 14. Qh6 Bf8 15. Qh3
dxe5 16. dxe5 Bg7 17. Nf3 Nxb4 18. Bg5 Nxd3 19. Bxd8 Nxe1 20. Nxe1 Bxe5 21. Nc3
Rxd8 22. Qe3 Bg7 23. Rd1 O-O 24. Nf3 Nf6 25. Rxd8 Rxd8 26. Ne5 Nd5 27. Nxd5
Bxd5 28. f4 Rc8 29. h3 h5 30. g4 hxg4 31. hxg4 Bxe5 32. Qxe5 b5 33. Qd6 Ra8 34.
Kf2 b4 35. a4 b3 36. Ke3 Rc8 37. Qb6 Rc3+ 38. Kd2 Rc4 39. Qxa5 Rxf4 40. Qb6 Kg7
41. a5 Rxg4 42. Qe3 Kg8 43. Kc1 Ra4 44. Qe5 Re4 45. Qb8+ Kg7 46. Kd2 Ra4 47.
Qe5+ Kg8 48. Qb8+ Kg7 49. Qe5+ 1/2-1/2

[Event "Nezhmetdinov Cup 2013"]
[Site "?"]
[Date "2013.06.06"]
[Round "7.16"]
[White "Gajsin, Evgenij"]
[Black "Zenzera, Alexey"]
[Result "1/2-1/2"]
[WhiteElo "2457"]
[BlackElo "2387"]
[PlyCount "150"]
[EventDate "2013.06.04"]

1. e4 c6 2. d4 d5 3. Nd2 dxe4 4. Nxe4 Bf5 5. Ng3 Bg6 6. Nh3 e6 7. Nf4 Qc7 8. c3
Nf6 9. h4 Bd6 10. Qf3 Nbd7 11. Nxg6 hxg6 12. Bg5 O-O-O 13. O-O-O e5 14. Ne4 Be7
15. Bc4 Rhf8 16. Rhe1 Nb6 17. Bb3 Nxe4 18. Bxe7 Qxe7 19. Qxe4 Qf6 20. Qxe5 Qxf2
21. Rf1 Qxh4 22. Rxf7 Nd7 23. Qe7 Qh6+ 24. Kb1 Rxf7 25. Bxf7 Qh5 26. Rf1 Rf8
27. a3 Kc7 28. Ka2 Qh2 29. Qe4 Qd6 30. Rf3 g5 31. Ka1 Nf6 32. Qg6 Qe7 33. Bb3
Nd7 34. Rxf8 Nxf8 35. Qf5 Nd7 36. Ka2 a6 37. Qa5+ Kb8 38. Qf5 Kc7 39. Be6 Nf6
40. Bc4 Ne4 41. Bd3 Nd6 42. Qf3 Qe8 43. Kb1 g4 44. Qe2 Qxe2 45. Bxe2 g3 46. Bd3
Nf7 47. Kc2 Kd6 48. Kd2 c5 49. dxc5+ Kxc5 50. Ke3 b5 51. Kf4 Nd6 52. b3 Kd5 53.
Bh7 a5 54. Bg8+ Kc6 55. Ke5 Ne8 56. Bd5+ Kb6 57. b4 Nf6 58. Bf3 axb4 59. axb4
Kc7 60. Ke6 Ne8 61. Kf7 Nd6+ 62. Kxg7 Nc4 63. Kf6 Nd2 64. Bh5 Kd6 65. Be8 Ne4+
66. Kf5 Nxc3 67. Kg4 Nd5 68. Bxb5 Nxb4 69. Kxg3 Nd5 70. Kf3 Ke5 71. Bc4 Nf6 72.
Bd3 Nh5 73. Bc2 Nf4 74. g3 Nh5 75. g4 Kf6 1/2-1/2

[Event "Nezhmetdinov Cup 2013"]
[Site "?"]
[Date "2013.06.06"]
[Round "7.17"]
[White "Pakhomov, Egor"]
[Black "Dmitriev, Igor"]
[Result "1-0"]
[WhiteElo "2429"]
[BlackElo "2289"]
[PlyCount "67"]
[EventDate "2013.06.04"]

1. Nf3 Nf6 2. d4 c5 3. d5 b5 4. Bg5 Qa5+ 5. c3 d6 6. e3 Nbd7 7. a4 Rb8 8. Nbd2
b4 9. c4 e5 10. Nb3 Qc7 11. Nfd2 Be7 12. Be2 Nf8 13. h4 h6 14. Bxf6 gxf6 15.
Bg4 f5 16. Bh3 h5 17. Qc2 e4 18. f3 Bxh4+ 19. Ke2 Ng6 20. fxe4 f4 21. e5 fxe3
22. Ne4 Bxh3 23. Rxh3 Nf4+ 24. Kxe3 Nxh3 25. Nxd6+ Kf8 26. gxh3 Be7 27. Nxf7
Kxf7 28. Rf1+ Ke8 29. Qg6+ Kd7 30. Qe6+ Kd8 31. d6 Bxd6 32. Rd1 Qg7 33. Qxd6+
Kc8 34. Qc6+ 1-0

[Event "Nezhmetdinov Cup 2013"]
[Site "?"]
[Date "2013.06.06"]
[Round "7.18"]
[White "Atalik, Suat"]
[Black "Odnorozhenko, Evgenyi"]
[Result "1-0"]
[WhiteElo "2597"]
[BlackElo "2319"]
[PlyCount "67"]
[EventDate "2013.06.04"]

1. d4 Nf6 2. c4 e6 3. Nf3 b6 4. Bf4 Bb7 5. e3 Bb4+ 6. Nfd2 O-O 7. a3 Be7 8. Nc3
d5 9. cxd5 exd5 10. Be2 Nbd7 11. O-O c5 12. Bf3 a6 13. dxc5 Nxc5 14. Qc2 b5 15.
Rfd1 Qb6 16. Be5 Rac8 17. Nb3 Nce4 18. Bd4 Qe6 19. Qe2 Nd7 20. Bxg7 Kxg7 21.
Nd4 Qg6 22. Nxe4 dxe4 23. Bh5 Qg5 24. h4 Qe5 25. Qg4+ Kh8 26. Qxd7 Rc7 27. Qf5
Qxf5 28. Nxf5 Bf6 29. Rd2 Bc8 30. Nd6 Bxh4 31. Nxe4 Bb7 32. Nd6 Bf6 33. Rad1
Bd8 34. Nxf7+ 1-0

[Event "Nezhmetdinov Cup 2013"]
[Site "?"]
[Date "2013.06.06"]
[Round "7.19"]
[White "Denisov, Lev"]
[Black "Voitsekhovsky, Stanislav"]
[Result "0-1"]
[WhiteElo "2368"]
[BlackElo "2523"]
[PlyCount "106"]
[EventDate "2013.06.04"]

1. d4 e6 2. c4 f5 3. Nc3 Nf6 4. g3 Bb4 5. Bg2 O-O 6. Nf3 Bxc3+ 7. bxc3 d6 8.
O-O Qe7 9. Qb3 c5 10. dxc5 dxc5 11. Bf4 Nc6 12. Ne5 Nxe5 13. Bxe5 Ng4 14. Bf4
e5 15. Bc1 f4 16. f3 Nh6 17. e4 Be6 18. Rd1 Qf7 19. Rd5 Bxd5 20. cxd5 fxg3 21.
hxg3 Qg6 22. g4 b6 23. c4 Nf7 24. Bd2 Ng5 25. Rf1 Rf6 26. Qe3 h6 27. f4 exf4
28. Rxf4 Rxf4 29. Qxf4 Rf8 30. Qe3 Re8 31. e5 Qc2 32. e6 Qxc4 33. Qe5 Qxg4 34.
Bxg5 hxg5 35. e7 Qf4 36. Qe6+ Qf7 37. Qxf7+ Kxf7 38. d6 Ke6 39. Bc6 Rh8 40. Kf2
Kxd6 41. e8=Q Rxe8 42. Bxe8 c4 43. Ke3 Kc5 44. Bd7 b5 45. a3 a5 46. Kd2 b4 47.
Kc2 Kd4 48. axb4 axb4 49. Be6 b3+ 50. Kb2 Kd3 51. Bh3 c3+ 52. Kxb3 Kd2 53. Bf5
g4 0-1

[Event "Nezhmetdinov Cup 2013"]
[Site "?"]
[Date "2013.06.06"]
[Round "7.20"]
[White "Sharafiev, Azat"]
[Black "Belyakov, Bogdan"]
[Result "1/2-1/2"]
[WhiteElo "2451"]
[BlackElo "2407"]
[PlyCount "73"]
[EventDate "2013.06.04"]

1. d4 Nf6 2. c4 g6 3. g3 Bg7 4. Bg2 O-O 5. Nf3 d6 6. O-O Nc6 7. Nc3 a6 8. Qd3
e5 9. dxe5 dxe5 10. Qxd8 Rxd8 11. Bg5 Re8 12. Rfd1 h6 13. Bxf6 Bxf6 14. Nd2 Kg7
15. Nde4 Be7 16. Nd5 Bd8 17. Nc5 Nd4 18. e3 Nc6 19. b4 f5 20. Nxa6 Rxa6 21. b5
Ra3 22. bxc6 bxc6 23. Nb4 e4 24. Nxc6 Bf6 25. Nd4 c5 26. Nb5 Ra4 27. Rab1 Re7
28. a3 Be6 29. Bf1 Be5 30. Rbc1 Re8 31. Rc2 Kf6 32. Rdd2 Ke7 33. Rd1 Rb8 34.
Rdd2 Re8 35. Rd1 Rb8 36. Rdd2 Re8 37. Rd1 1/2-1/2